[Event "AUT-chT 2223"]
[Site "Austria"]
[Date "2023.04.13"]
[Round "9.5"]
[White "Genser, Harald"]
[Black "Hoefelsauer, Thomas"]
[Result "1/2-1/2"]
[WhiteElo "2247"]
[BlackElo "2349"]
[PlyCount "67"]
[EventDate "2022.11.03"]
[EventType "team-tourn"]
[EventRounds "11"]
[EventCountry "AUT"]
[SourceTitle "EXT 2024"]
[Source "ChessBase"]
[SourceDate "2023.10.10"]
[SourceVersion "1"]
[SourceVersionDate "2023.10.10"]
[SourceQuality "1"]
[WhiteTeam "Maria Saal"]
[BlackTeam "Raika Feffernitz"]
[WhiteTeamCountry "AUT"]
[BlackTeamCountry "AUT"]

1. d4 Nf6 2. Bf4 d5 3. Nf3 c5 4. e3 Nc6 5. Nbd2 Bf5 6. dxc5 e6 7. Nd4 Bg4 8. f3 Bh5 9. Bb5 Qc8 10. b4 Nd7 11. Nxc6 bxc6 12. Be2 a5 13. a3 Be7 14. 0-0 0-0 15. Rb1 Qb7 16. g4 Bg6 17. Bd3 axb4 18. Bxg6 hxg6 19. axb4 Ra3 20. Qe1 Rfa8 21. Nb3 Ra2 22. Qd2 g5 23. Bg3 Bf6 24. Nc1 R2a3 25. Rb3 Qb5 26. Rxa3 Rxa3 27. Ne2 Qc4 28. Rc1 Ne5 29. Bxe5 Bxe5 30. c3 Qb3 31. Qc2 Qc4 32. Qd2 Qb3 33. Qc2 Qc4 34. Qd2 1/2-1/2

[Event "Brno IM 11th"]
[Site "Brno"]
[Date "2022.11.15"]
[Round "4"]
[White "Hoefelsauer, Thomas"]
[Black "Meszaros, Andras"]
[Result "1-0"]
[WhiteElo "2349"]
[BlackElo "2161"]
[PlyCount "97"]
[EventDate "2022.11.12"]
[EventType "tourn"]
[EventRounds "9"]
[EventCountry "CZE"]
[EventCategory "2"]
[SourceTitle "CBM 211 Extra"]
[Source "ChessBase"]
[SourceDate "2023.01.31"]
[SourceVersion "1"]
[SourceVersionDate "2023.01.31"]
[SourceQuality "1"]

1. Nf3 Nf6 2. c4 d6 3. d4 g6 4. g3 Bg7 5. Bg2 0-0 6. 0-0 Nbd7 7. Nc3 e5 8. e4 exd4 9. Nxd4 Re8 10. h3 Nc5 11. Re1 Bd7 12. Rb1 h6 13. b3 Ne6 14. Nxe6 Bxe6 15. Bb2 Qd7 16. Kh2 c6 17. Qd2 Rad8 18. Rbd1 Qc7 19. Ne2 Bc8 20. Nf4 h5 21. Ba3 Bf8 22. Bb2 Bg7 23. Ba3 Bf8 24. Kg1 Qb6 25. Bb2 Bg7 26. Bd4 Qc7 27. Qb2 Qe7 28. Nd3 Be6 29. f4 Bc8 30. Be3 c5 31. f5 g5 32. Rf1 Bd7 33. Rfe1 Bc6 34. b4 a6 35. bxc5 dxc5 36. Nf2 Rd4 37. e5 Qc7 38. Bxd4 cxd4 39. Bxc6 bxc6 40. exf6 Qxg3+ 41. Kh1 Rxe1+ 42. Rxe1 Bxf6 43. Qe2 Kg7 44. Rg1 Qf4 45. Rf1 Qxf5 46. Ng4 d3 47. Qg2 d2 48. Rxf5 d1Q+ 49. Rf1 1-0

[Event "AUT-chT2M 2223"]
[Site "Austria"]
[Date "2022.10.21"]
[Round "4.5"]
[White "Moser, Guenter"]
[Black "Hoefelsauer, Thomas"]
[Result "0-1"]
[WhiteElo "2253"]
[BlackElo "2322"]
[PlyCount "53"]
[EventDate "2022.09.30"]
[EventType "team-tourn"]
[EventRounds "11"]
[EventCountry "AUT"]
[SourceTitle "EXT 2024"]
[Source "ChessBase"]
[SourceDate "2023.10.10"]
[SourceVersion "1"]
[SourceVersionDate "2023.10.10"]
[SourceQuality "1"]
[WhiteTeam "Ansfelden Union"]
[BlackTeam "Raika Feffernitz II"]
[WhiteTeamCountry "AUT"]
[BlackTeamCountry "AUT"]

1. d4 d5 2. Nf3 Nf6 3. g3 c6 4. Bg2 Bf5 5. 0-0 e6 6. Nbd2 h6 7. c4 Nbd7 8. b3 Be7 9. Bb2 0-0 10. Ne5 a5 11. a3 Nxe5 12. dxe5 Nd7 13. cxd5 exd5 14. e4 dxe4 15. Bxe4 Bh3 16. Re1 Nc5 17. Qc2 Qd7 18. Rad1 Nxe4 19. Nxe4 Qg4 20. Qc3 Rad8 21. f3 Qe6 22. Kf2 Rd5 23. Nd6 f6 24. exf6 Bxf6 25. Rxe6 Bxc3 26. Rxd5 Bxe6 27. Rxa5 0-1

[Event "Teplice op 15th"]
[Site "Teplice"]
[Date "2022.06.22"]
[Round "5"]
[White "Sanal, Vahap"]
[Black "Hoefelsauer, Thomas"]
[Result "1-0"]
[WhiteElo "2576"]
[BlackElo "2334"]
[PlyCount "127"]
[EventDate "2022.06.18"]
[EventType "swiss"]
[EventRounds "9"]
[EventCountry "CZE"]
[SourceTitle "CBM 209 Extra"]
[Source "ChessBase"]
[SourceDate "2022.09.30"]
[SourceVersion "1"]
[SourceVersionDate "2022.09.30"]
[SourceQuality "1"]

1. e4 c6 2. d4 d5 3. Nc3 dxe4 4. Nxe4 Bf5 5. Ng3 Bg6 6. h4 h6 7. Nf3 Nd7 8. h5 Bh7 9. Bd3 Bxd3 10. Qxd3 e6 11. Bd2 Ngf6 12. 0-0-0 Be7 13. Ne4 Nxe4 14. Qxe4 Nf6 15. Qd3 c5 16. Qb5+ Qd7 17. Qxd7+ Nxd7 18. Be3 cxd4 19. Bxd4 Bf6 20. Bxf6 Nxf6 21. Ne5 Ke7 22. Rh4 Rhc8 23. Rb4 Rc7 24. g4 Rd8 25. Rxd8 Kxd8 26. Rd4+ Ke7 27. Kd2 Rc5 28. f4 Nd5 29. Nd3 Ra5 30. a4 Nf6 31. Ne5 Nd5 32. Nd3 Nf6 33. Rb4 b6 34. Ne5 Rd5+ 35. Kc1 Rc5 36. Rd4 Nd5 37. b4 Rc7 38. Kd2 Nf6 39. b5 Nd7 40. Nc6+ Kf6 41. Ke3 Nc5 42. a5 bxa5 43. Nxa5 Nb7 44. Nxb7 Rxb7 45. c4 Ke7 46. Kd3 a6 47. bxa6 Ra7 48. c5 Rxa6 49. Kc3 Ra1 50. Kb4 g6 51. c6 gxh5 52. gxh5 Rh1 53. Rd7+ Ke8 54. Rd3 Ke7 55. Rd4 Rh2 56. Rd1 Rc2 57. Kb5 Rb2+ 58. Ka6 Rc2 59. Kb7 Rb2+ 60. Kc8 Rc2 61. c7 Rb2 62. Ra1 f6 63. Ra7 e5 64. Rb7 1-0

[Event "Innsbruck op 5th"]
[Site "Innsbruck"]
[Date "2021.08.24"]
[Round "5"]
[White "Hoefelsauer, Thomas"]
[Black "Asadzade, Idris"]
[Result "1/2-1/2"]
[WhiteElo "2324"]
[BlackElo "2174"]
[PlyCount "119"]
[EventDate "2021.08.21"]
[EventType "swiss"]
[EventRounds "9"]
[EventCountry "AUT"]
[SourceTitle "CBM 204 Extra"]
[Source "ChessBase"]
[SourceDate "2021.11.30"]
[SourceVersion "1"]
[SourceVersionDate "2021.11.30"]
[SourceQuality "1"]

1. d4 d5 2. Nf3 Nf6 3. Bf4 c5 4. e3 Nc6 5. Nbd2 e6 6. c3 Bd6 7. Bg3 0-0 8. Bb5 Ne7 9. dxc5 Bxc5 10. Bd3 Nf5 11. Bxf5 exf5 12. Bh4 f4 13. exf4 Re8+ 14. Ne5 Qb6 15. Nb3 g5 16. Nxc5 Qxc5 17. Bxg5 Ne4 18. Bh4 f6 19. Qh5 Qf8 20. f3 Nd6 21. 0-0-0 fxe5 22. Qg5+ Qg7 23. Qxg7+ Kxg7 24. Rxd5 Nf7 25. fxe5 Rxe5 26. Rxe5 Nxe5 27. Rd1 Be6 28. Bf2 Kf7 29. b3 Rg8 30. Bg3 Nc6 31. Rd2 Ne7 32. c4 a6 33. Kb2 h5 34. a4 Nc6 35. Kc3 Rc8 36. Bd6 Na5 37. Kb4 Nc6+ 38. Kc5 Na5+ 39. Kb4 b6 40. Bg3 Nc6+ 41. Kc3 Ne7 42. Kb4 Nc6+ 43. Kc3 b5 44. axb5 axb5 45. cxb5 Na5+ 46. Kb4 Nxb3 47. Rd6 Nc5 48. Rc6 Rxc6 49. bxc6 Nb3 50. c7 Nd4 51. Kc5 Nf5 52. Bf2 Ne7 53. h3 Bc8 54. g4 hxg4 55. hxg4 Bb7 56. f4 Bc8 57. g5 Bf5 58. Kd6 Nc8+ 59. Ke5 Kg6 60. Bc5 1/2-1/2

[Event "GER Cup Net V3 U2400"]
[Site "Playchess.com INT"]
[Date "2020.05.27"]
[Round "7"]
[White "Vatter, Hans Joachim"]
[Black "Hoefelsauer, Thomas"]
[Result "0-1"]
[WhiteElo "2201"]
[BlackElo "2069"]
[PlyCount "40"]
[EventDate "2020.05.27"]
[EventType "swiss (blitz)"]
[EventRounds "9"]
[EventCountry "GER"]
[SourceTitle "EXT 2021"]
[Source "ChessBase"]
[SourceDate "2020.10.23"]
[SourceVersion "1"]
[SourceVersionDate "2020.10.23"]
[SourceQuality "1"]

1. e4 d5 2. exd5 Nf6 3. d4 Bg4 4. Be2 Bxe2 5. Nxe2 Qxd5 6. 0-0 Nc6 7. Be3 0-0-0 8. c3 e5 9. Nd2 exd4 10. Nxd4 Nxd4 11. Bxd4 Bd6 12. Qf3 Qg5 13. Bxf6 gxf6 14. Ne4 Qg6 15. Nxd6+ Rxd6 16. Rad1 Rhd8 17. Rxd6 Rxd6 18. Re1 Re6 19. Rd1 Qc2 20. Qd5 Rd6 0-1

[Event "GER Cup Net V2 U2400"]
[Site "Playchess.com INT"]
[Date "2020.05.22"]
[Round "4"]
[White "Roelle, Philipp"]
[Black "Hoefelsauer, Thomas"]
[Result "0-1"]
[WhiteElo "1881"]
[BlackElo "2058"]
[PlyCount "82"]
[EventDate "2020.05.22"]
[EventType "swiss (blitz)"]
[EventRounds "9"]
[EventCountry "GER"]
[SourceTitle "EXT 2021"]
[Source "ChessBase"]
[SourceDate "2020.10.23"]
[SourceVersion "1"]
[SourceVersionDate "2020.10.23"]
[SourceQuality "1"]

1. c4 Nf6 2. g3 c5 3. Bg2 d5 4. cxd5 Nxd5 5. Nc3 Nc7 6. Nf3 Nc6 7. 0-0 e5 8. d3 Be7 9. Be3 0-0 10. Rc1 b6 11. a3 Rb8 12. Qa4 Bd7 13. Nd2 Nd4 14. Qxa7 Ncb5 15. Nxb5 Nxe2+ 16. Kh1 Bxb5 17. Rcd1 Bg5 18. Nc4 Qf6 19. a4 Bxc4 20. dxc4 Nd4 21. f4 exf4 22. gxf4 Bh6 23. Bxd4 cxd4 24. f5 Rbe8 25. Qd7 Rd8 26. Qb5 Rfe8 27. Rd3 Re2 28. b3 Be3 29. Qc6 Qxc6 30. Bxc6 Rd6 31. Bg2 Rd2 32. Rxd2 Bxd2 33. Rd1 Bc3 34. Bd5 g5 35. Kg2 Kg7 36. Kf3 Kf6 37. Kg4 Rd8 38. Kh5 Re8 39. Rf1 d3 40. Kg4 d2 41. Bf3 Re1 0-1